[Event "XXVIII Festival Conca della Presolana A"]
[Site "Bratto - Castione della Presolana ITA"]
[Date "2008.08.27"]
[Round "6"]
[White "De Florio, Federico"]
[Black "Parodi, Alessandro"]
[Result "1-0"]
[WhiteElo "2106"]
[BlackElo "2053"]
[PlyCount "95"]
[EventDate "2008.08.22"]

1. d4 Nf6 2. Nf3 g6 3. Bg5 Bg7 4. Nbd2 O-O 5. e3 d6 6. Be2 b6 7. c3 Bb7 8. O-O
Nbd7 9. Qb3 c5 10. Rfd1 d5 11. a4 Re8 12. a5 e5 13. Nxe5 Nxe5 14. dxe5 Rxe5 15.
Bf4 Re6 16. Bf3 Qe7 17. h3 Kh8 18. Be2 Nh5 19. Bh2 Be5 20. Bxe5+ Rxe5 21. axb6
c4 22. Qa3 Qxa3 23. Rxa3 a6 24. Bf3 Rb8 25. Ra5 f6 26. e4 Nf4 27. exd5 Bxd5 28.
Rxa6 Bxf3 29. Nxf3 Re6 30. Rd7 Rexb6 31. Raa7 Rxb2 32. Rxh7+ Kg8 33. Rhg7+ Kh8
34. Nh4 Ra2 35. Rh7+ Kg8 36. Rag7+ Kf8 37. Nxg6+ Nxg6 38. Rxg6 Rb1+ 39. Kh2
Rxf2 40. Rc7 Rf4 41. Kg3 Rbf1 42. Rg4 Rf5 43. Rgxc4 Re5 44. Rf4 Rg5+ 45. Rg4
Re5 46. Rb4 Re3+ 47. Kg4 Rf2 48. Rb8+ 1-0

[Event "XXVIII Festival Conca della Presolana A"]
[Site "Bratto - Castione della Presolana ITA"]
[Date "2008.08.27"]
[Round "6"]
[White "De Santis, Alessio"]
[Black "Andreoli, Renato"]
[Result "1-0"]
[WhiteElo "2295"]
[BlackElo "2139"]
[PlyCount "81"]
[EventDate "2008.08.22"]

1. Nc3 Nf6 2. Nf3 d5 3. d4 c5 4. Bf4 e6 5. e3 a6 6. Be2 Nc6 7. O-O Be7 8. Ne5
O-O 9. Nxc6 bxc6 10. Na4 Nd7 11. c4 cxd4 12. exd4 a5 13. Rc1 Bg5 14. Qd2 Bxf4
15. Qxf4 Ba6 16. Rfd1 Bxc4 17. Bxc4 dxc4 18. Qd6 Rb8 19. Rxc4 Nb6 20. Qxd8
Rfxd8 21. Nxb6 Rxb6 22. b3 g6 23. Kf1 Kf8 24. Rdc1 Rd6 25. Ke2 Ke7 26. Ke3 Kd7
27. Rc5 Rd5 28. R1c4 Rxc5 29. dxc5 Rb5 30. Kd4 g5 31. g4 f6 32. Ra4 e5+ 33. Kc4
Ke6 34. a3 f5 35. b4 axb4 36. axb4 fxg4 37. Ra6 Kd7 38. Ra7+ Kc8 39. Rxh7 e4
40. Re7 Kd8 41. Rg7 1-0

[Event "XXVIII Festival Conca della Presolana A"]
[Site "Bratto - Castione della Presolana ITA"]
[Date "2008.08.27"]
[Round "6"]
[White "Di Fonzo, Valerio"]
[Black "Tramalloni, Luca"]
[Result "1/2-1/2"]
[WhiteElo "2212"]
[BlackElo "2109"]
[PlyCount "64"]
[EventDate "2008.08.22"]

1. e4 e6 2. d4 d5 3. Nc3 Bb4 4. e5 Qd7 5. Bd2 b6 6. Nce2 Bf8 7. Ng3 Ba6 8. Bxa6
Nxa6 9. Nf3 Ne7 10. Qe2 Nb8 11. O-O Nbc6 12. b4 Nf5 13. Nxf5 exf5 14. b5 Nd8
15. a4 Ne6 16. a5 Rb8 17. axb6 axb6 18. Qd3 g6 19. Bg5 Bg7 20. Qb3 O-O 21. Bd2
h6 22. Ra4 Ra8 23. Rfa1 Rxa4 24. Rxa4 Rd8 25. Ra7 Kh7 26. c3 Qe8 27. Qa4 Bf8
28. Ne1 Be7 29. Nd3 Bg5 30. Be1 Be7 31. Bd2 Bg5 32. Be1 Be7 1/2-1/2

[Event "XXVIII Festival Conca della Presolana A"]
[Site "Bratto - Castione della Presolana ITA"]
[Date "2008.08.27"]
[Round "6"]
[White "Epishin, Vladimir V."]
[Black "Rombaldoni, Denis"]
[Result "1-0"]
[WhiteElo "2574"]
[BlackElo "2418"]
[PlyCount "57"]
[EventDate "2008.08.22"]

1. d4 Nf6 2. c4 e6 3. Nf3 Bb4+ 4. Bd2 a5 5. Qc2 d5 6. a3 Be7 7. Nc3 Nc6 8. Rd1
O-O 9. Bg5 h6 10. Bh4 b6 11. cxd5 exd5 12. e3 Na7 13. Be2 Bb7 14. O-O Ne4 15.
Bxe7 Qxe7 16. Nxe4 dxe4 17. Ne5 c5 18. Qb3 cxd4 19. exd4 Kh7 20. Qxb6 Nc8 21.
Qc5 Nd6 22. Nc4 Rfd8 23. Nxa5 Rac8 24. Qe5 Qc7 25. b4 Ba8 26. Bg4 f6 27. Qf4
Rb8 28. d5 Qe7 29. Nc6 1-0

[Event "XXVIII Festival Conca della Presolana A"]
[Site "Bratto - Castione della Presolana ITA"]
[Date "2008.08.27"]
[Round "6"]
[White "Gallucci, Alessio"]
[Black "Vezzosi, Paolo"]
[Result "1/2-1/2"]
[WhiteElo "2152"]
[BlackElo "2352"]
[PlyCount "74"]
[EventDate "2008.08.22"]

1. e4 c6 2. d4 d5 3. Nd2 dxe4 4. Nxe4 Bf5 5. Ng3 Bg6 6. Bc4 e6 7. N1e2 Bd6 8.
h4 h6 9. Nf4 Bxf4 10. Bxf4 Nf6 11. h5 Bh7 12. c3 Nbd7 13. O-O O-O 14. Re1 Nd5
15. Bd2 Qh4 16. Qf3 N7f6 17. Bd3 Bxd3 18. Qxd3 Nf4 19. Qf3 N4xh5 20. Nf1 Rad8
21. Nh2 g5 22. Re5 Rd5 23. Rae1 Rfd8 24. R1e4 Nxe4 25. Rxe4 Nf4 26. g3 Qh3 27.
gxf4 Qxf3 28. Nxf3 g4 29. Ne5 h5 30. Re1 a5 31. Kg2 a4 32. Be3 f6 33. Nd3 h4
34. Rh1 h3+ 35. Kg3 Kf7 36. Nc5 b5 37. Nd3 Rg8 1/2-1/2

[Event "XXVIII Festival Conca della Presolana A"]
[Site "Bratto - Castione della Presolana ITA"]
[Date "2008.08.27"]
[Round "6"]
[White "Godena, Michele"]
[Black "Narayanan, Srinath"]
[Result "1/2-1/2"]
[WhiteElo "2519"]
[BlackElo "2220"]
[PlyCount "39"]
[EventDate "2008.08.22"]

1. e4 e5 2. Nf3 Nc6 3. Bc4 Nf6 4. d3 Bc5 5. Nc3 h6 6. h3 a6 7. a3 d6 8. Ne2 d5
9. exd5 Nxd5 10. O-O O-O 11. Ng3 Nb6 12. Ba2 Re8 13. Ne4 Bd6 14. Nh2 Be6 15.
Qh5 Bxa2 16. Rxa2 Re6 17. Ng4 Bf8 18. f4 exf4 19. Rxf4 Qe7 20. Rf2 1/2-1/2

[Event "XXVIII Festival Conca della Presolana A"]
[Site "Bratto - Castione della Presolana ITA"]
[Date "2008.08.27"]
[Round "6"]
[White "Hanly, Steven"]
[Black "Barberi, Alessandro"]
[Result "1-0"]
[WhiteElo "2020"]
[BlackElo "2153"]
[PlyCount "131"]
[EventDate "2008.08.22"]

1. d4 g6 2. Nf3 Bg7 3. c3 d6 4. e4 a6 5. a4 b6 6. Nbd2 Bb7 7. Bd3 Nd7 8. O-O e6
9. Re1 Ne7 10. Nc4 O-O 11. Bf4 h6 12. h3 d5 13. exd5 Nxd5 14. Bg3 N7f6 15. Be5
Nh5 16. Bxg7 Kxg7 17. Bf1 Qf6 18. Nce5 Rad8 19. Ng4 Qf4 20. Qd2 c5 21. dxc5
bxc5 22. Qxf4 Ndxf4 23. Nfe5 f6 24. Nc4 e5 25. Rad1 e4 26. g3 Nd3 27. Bxd3 exd3
28. Re7+ Rf7 29. Re3 Bc6 30. Rexd3 Rxd3 31. Rxd3 Bxa4 32. Nge3 f5 33. Nd5 Bb5
34. Ndb6 Nf6 35. Rd8 Re7 36. Ne3 Rb7 37. Nbd5 Ne4 38. Rc8 Kf7 39. Kg2 Bd7 40.
Rc7 Rxc7 41. Nxc7 Bc6 42. Kg1 Bb7 43. Nc4 Ke7 44. Ne3 Nf6 45. c4 Kd6 46. Ncd5
Nxd5 47. cxd5 Bxd5 48. Kf1 Ke5 49. Ke2 Bb3 50. Kd3 Be6 51. f4+ Kd6 52. h4 Kc6
53. Kc3 Kb5 54. Nf1 c4 55. Nd2 Kc5 56. Nf3 Kd5 57. Nd2 h5 58. Nxc4 Ke4 59. Ne5
Ke3 60. Nxg6 Kf3 61. Kd4 Kxg3 62. Ke5 Bd7 63. Kf6 Kg4 64. Ne5+ Kxh4 65. Nxd7
Kg4 66. Ke5 1-0

[Event "XXVIII Festival Conca della Presolana A"]
[Site "Bratto - Castione della Presolana ITA"]
[Date "2008.08.27"]
[Round "6"]
[White "Horvath, Csaba"]
[Black "Guido, Flavio"]
[Result "1-0"]
[WhiteElo "2537"]
[BlackElo "2356"]
[PlyCount "57"]
[EventDate "2008.08.22"]

1. d4 Nf6 2. c4 g6 3. Nc3 d5 4. Nf3 Bg7 5. Qb3 dxc4 6. Qxc4 O-O 7. e4 a6 8. e5
b5 9. Qb3 Nfd7 10. Ng5 e6 11. h4 h5 12. Nce4 c5 13. Nd6 cxd4 14. Ngxf7 Qb6 15.
Nxc8 Rxc8 16. Nd6 Nc5 17. Nxc8 Qa5+ 18. Bd2 Nxb3 19. Bxa5 Nxa1 20. Nb6 Ra7 21.
Bd3 Nc6 22. b4 Nxa5 23. bxa5 Rc7 24. Ke2 Bf8 25. Rxa1 Bb4 26. a4 Bxa5 27. Na8
Ra7 28. axb5 axb5 29. Nc7 1-0

[Event "XXVIII Festival Conca della Presolana A"]
[Site "Bratto - Castione della Presolana ITA"]
[Date "2008.08.27"]
[Round "6"]
[White "Jablon, Stephen"]
[Black "Salmoiraghi, Angelo"]
[Result "0-1"]
[WhiteElo "1994"]
[BlackElo "2106"]
[PlyCount "118"]
[EventDate "2008.08.22"]

1. e4 c5 2. b4 cxb4 3. a3 d5 4. exd5 Nf6 5. axb4 Qxd5 6. Nc3 Qe5+ 7. Be2 Nc6 8.
Nf3 Qb8 9. b5 Nd8 10. Ba3 Bg4 11. d4 Qc7 12. Qd2 Rc8 13. Bb2 e6 14. h3 Bxf3 15.
Bxf3 Bb4 16. Ra4 Bxc3 17. Bxc3 Qxc3 18. Bc6+ Rxc6 19. bxc6 Qxd2+ 20. Kxd2 Nxc6
21. Rb1 b6 22. c4 O-O 23. f3 Rd8 24. Kc3 Kf8 25. g4 Rd7 26. Rd1 g5 27. Ra2 Rc7
28. h4 h6 29. hxg5 hxg5 30. Rh1 Na5 31. Ra4 Nd5+ 32. Kd3 Nf4+ 33. Kc3 Nc6 34.
Ra2 b5 35. cxb5 Nd5+ 36. Kb2 Nxd4 37. Rc1 Rxc1 38. Kxc1 Nxb5 39. Rc2 Ke7 40.
Rc5 Nd4 41. Rc8 Nxf3 42. Ra8 Ne5 43. Rxa7+ Kf6 44. Kd2 Nxg4 45. Ke2 Ne5 46. Kf2
Kf5 47. Kg3 f6 48. Ra6 g4 49. Ra8 Nc3 50. Rf8 Ne4+ 51. Kg2 g3 52. Rh8 Ng4 53.
Rh5+ Kf4 54. Rh4 f5 55. Rh8 Ne3+ 56. Kg1 Nd2 57. Rh4+ Kg5 58. Rh8 Nf3+ 59. Kh1
g2# 0-1

[Event "XXVIII Festival Conca della Presolana A"]
[Site "Bratto - Castione della Presolana ITA"]
[Date "2008.08.27"]
[Round "6"]
[White "Jaracz, Pawel"]
[Black "Shytaj, Luca"]
[Result "1/2-1/2"]
[WhiteElo "2501"]
[BlackElo "2467"]
[PlyCount "31"]
[EventDate "2008.08.22"]

1. e4 c5 2. Nc3 d6 3. Nf3 Nf6 4. d4 cxd4 5. Nxd4 a6 6. Be3 Ng4 7. Bg5 h6 8. Bh4
g5 9. Bg3 Bg7 10. h3 Ne5 11. Nf5 Bxf5 12. exf5 Nbd7 13. Nd5 Nb6 14. c3 Nxd5 15.
Qxd5 Qd7 16. Be2 1/2-1/2

[Event "XXVIII Festival Conca della Presolana A"]
[Site "Bratto - Castione della Presolana ITA"]
[Date "2008.08.27"]
[Round "6"]
[White "Klip, Hans"]
[Black "Brunello, Sabino"]
[Result "0-1"]
[WhiteElo "2390"]
[BlackElo "2482"]
[PlyCount "100"]
[EventDate "2008.08.22"]

1. e4 e5 2. Nf3 Nc6 3. Bc4 Bc5 4. c3 Nf6 5. d3 O-O 6. O-O d6 7. Bb3 a6 8. Nbd2
Ba7 9. Nc4 Be6 10. Bg5 Ne7 11. Bxf6 gxf6 12. Nh4 f5 13. Qh5 fxe4 14. dxe4 Kh8
15. Ne3 Rg8 16. Nhf5 Nxf5 17. Nxf5 Qf6 18. Bxe6 fxe6 19. Ng3 Raf8 20. Qe2 Qh6
21. Rad1 Rf4 22. Rd3 Rgf8 23. Nh1 Rh4 24. h3 Qg6 25. Rf3 Rxf3 26. Qxf3 Rf4 27.
Qd1 Rxe4 28. Kh2 Rf4 29. Qb3 b5 30. c4 Rxc4 31. Qf3 Kg7 32. Qa8 Bd4 33. Qd8 e4
34. Qe7+ Qf7 35. Qg5+ Kf8 36. Ng3 Bf6 37. Qe3 Qg6 38. b3 Rc3 39. Qxe4 Ke7 40.
Qb7 Be5 41. Kh1 Rc2 42. Qc8 a5 43. Re1 Qe8 44. Nf5+ exf5 45. Qxf5 Qg6 46. Rxe5+
dxe5 47. Qxe5+ Qe6 48. Qg5+ Kd6 49. Qd8+ Kc6 50. Qa8+ Kd7 0-1

[Event "XXVIII Festival Conca della Presolana A"]
[Site "Bratto - Castione della Presolana ITA"]
[Date "2008.08.27"]
[Round "6"]
[White "Korneev, Oleg"]
[Black "De Haan, Eric"]
[Result "1/2-1/2"]
[WhiteElo "2631"]
[BlackElo "2356"]
[PlyCount "106"]
[EventDate "2008.08.22"]

1. e4 c5 2. Nf3 e6 3. d4 cxd4 4. Nxd4 Nc6 5. Nb5 d6 6. Bf4 e5 7. Be3 a6 8. N5c3
Nf6 9. Bg5 Be7 10. Nd2 Bg4 11. Nf3 O-O 12. Bxf6 Bxf6 13. Nd5 Bg5 14. c3 Ne7 15.
Bc4 Rc8 16. Nxe7+ Qxe7 17. Bd5 Qf6 18. Qd3 Bxf3 19. Qxf3 Qxf3 20. gxf3 Rc7 21.
a4 a5 22. Ra3 b6 23. Rb3 Bd8 24. Ke2 Rc8 25. Rd1 g6 26. Bb7 Rb8 27. Bc6 Bc7 28.
Rb5 Kg7 29. b4 Kf6 30. Rb1 Ke7 31. Kd3 Rfc8 32. Kc4 Bd8 33. Kd5 Rxc6 34. Kxc6
Rc8+ 35. Kd5 Rxc3 36. bxa5 bxa5 37. Rb7+ Kf6 38. R1b3 Rc2 39. Rb2 Rc3 40. Kxd6
Be7+ 41. Kd7 Bb4 42. Kd8 Rxf3 43. Ke8 Rc3 44. Rd2 Rc4 45. Rxf7+ Ke6 46. Rd8
Rxe4 47. Rxh7 Rf4 48. Rh8 Rxf2 49. Rb8 e4 50. Rb6+ Bd6 51. Kd8 Rf7 52. Re8+ Kd5
53. Rxd6+ Kxd6 1/2-1/2

[Event "XXVIII Festival Conca della Presolana A"]
[Site "Bratto - Castione della Presolana ITA"]
[Date "2008.08.27"]
[Round "6"]
[White "Lanzani, Mario"]
[Black "Drazic, Sinisa"]
[Result "0-1"]
[WhiteElo "2349"]
[BlackElo "2505"]
[PlyCount "88"]
[EventDate "2008.08.22"]

1. e4 c6 2. c4 d5 3. exd5 cxd5 4. cxd5 Nf6 5. Nc3 a6 6. d4 Nbd7 7. Nf3 Nb6 8.
Ne5 g6 9. Be2 Nfxd5 10. a4 Bg7 11. O-O Be6 12. Ne4 Nd7 13. Ng5 Nc7 14. Nxe6
Nxe6 15. Nf3 O-O 16. Bc4 Nc7 17. Bf4 b5 18. axb5 Nxb5 19. Qc2 Nxd4 20. Nxd4
Bxd4 21. Bh6 Bg7 22. Bxg7 Kxg7 23. Rxa6 Rxa6 24. Bxa6 Nf6 25. Bc4 Qd6 26. Rd1
Qc5 27. b3 Rb8 28. h3 h5 29. Qd3 Qe5 30. Qd2 Ne8 31. Re1 Qf6 32. Qe3 Rb7 33.
Bd5 Rc7 34. Rc1 Rxc1+ 35. Qxc1 Nd6 36. b4 Qd4 37. Qc5 Qa1+ 38. Kh2 Qe5+ 39. Kg1
h4 40. Bc6 Qe1+ 41. Kh2 Nf5 42. Bd7 Ng3 43. Qd4+ e5 44. Qxh4 Ne2 0-1

[Event "XXVIII Festival Conca della Presolana A"]
[Site "Bratto - Castione della Presolana ITA"]
[Date "2008.08.27"]
[Round "6"]
[White "Levin, Felix"]
[Black "Vocaturo, Daniele"]
[Result "1/2-1/2"]
[WhiteElo "2564"]
[BlackElo "2417"]
[PlyCount "41"]
[EventDate "2008.08.22"]

1. d4 Nf6 2. Nf3 g6 3. c4 Bg7 4. Nc3 O-O 5. e4 d6 6. Be2 e5 7. Be3 Na6 8. O-O
Ng4 9. Bg5 Qe8 10. Re1 exd4 11. Nd5 f6 12. Bf4 c6 13. Bxd6 cxd5 14. exd5 Qd8
15. c5 Re8 16. Nxd4 f5 17. Ne6 Bxe6 18. dxe6 Qh4 19. Rf1 Kh8 20. e7 Nb4 21. Qb3
1/2-1/2

[Event "XXVIII Festival Conca della Presolana A"]
[Site "Bratto - Castione della Presolana ITA"]
[Date "2008.08.27"]
[Round "6"]
[White "Manfredi, Vincenzo"]
[Black "Tatai, Stefano"]
[Result "1-0"]
[WhiteElo "2204"]
[BlackElo "2372"]
[PlyCount "85"]
[EventDate "2008.08.22"]

1. d4 Nf6 2. c4 e6 3. Nc3 Bb4 4. e3 c5 5. a3 Bxc3+ 6. bxc3 b6 7. Bd3 Bb7 8. f3
O-O 9. Ne2 Nc6 10. O-O Na5 11. e4 Ne8 12. f4 f5 13. Ng3 g6 14. dxc5 bxc5 15.
Be3 d6 16. exf5 exf5 17. Re1 Rf7 18. Bf2 Qd7 19. Rb1 Bc6 20. Nf1 Ng7 21. Ne3
Nh5 22. Nd5 Raf8 23. Qf3 Nf6 24. Bh4 Bxd5 25. cxd5 c4 26. Bc2 Nb7 27. Bf2 Nc5
28. Bxc5 dxc5 29. Rbd1 Qb5 30. d6 Nd7 31. Re7 Kg7 32. Rb1 Qa6 33. Qd5 Nb6 34.
Qxc5 Rxe7 35. dxe7 Re8 36. Re1 Qc8 37. Qe5+ Kf7 38. a4 Qd7 39. a5 Nc8 40. Qc5
Rxe7 41. Qxc4+ Kg7 42. Rd1 Qc7 43. Qd4+ 1-0

[Event "XXVIII Festival Conca della Presolana A"]
[Site "Bratto - Castione della Presolana ITA"]
[Date "2008.08.27"]
[Round "6"]
[White "Marguerettaz, Davy"]
[Black "Oppici, Gabriele"]
[Result "1/2-1/2"]
[WhiteElo "1987"]
[BlackElo "2055"]
[PlyCount "57"]
[EventDate "2008.08.22"]

1. e4 Nc6 2. d4 e5 3. Nf3 exd4 4. Bc4 Be7 5. O-O d6 6. c3 Be6 7. Bxe6 fxe6 8.
Nxd4 Qd7 9. Qg4 Nxd4 10. cxd4 Nf6 11. Qe2 O-O 12. Nc3 Ne8 13. f4 c6 14. Be3 Nc7
15. Qg4 d5 16. e5 b6 17. Ne2 c5 18. Ng3 cxd4 19. Bxd4 Bc5 20. Bxc5 bxc5 21. Nh5
Kh8 22. Rac1 c4 23. Rc3 Ne8 24. Rh3 Rb8 25. Qg6 Qf7 26. Qxh7+ Kxh7 27. Nf6+ Kg6
28. Rg3+ Kh6 29. Rh3+ 1/2-1/2

[Event "XXVIII Festival Conca della Presolana A"]
[Site "Bratto - Castione della Presolana ITA"]
[Date "2008.08.27"]
[Round "6"]
[White "Marholev, Dimitar"]
[Black "David, Alberto"]
[Result "1/2-1/2"]
[WhiteElo "2366"]
[BlackElo "2568"]
[PlyCount "24"]
[EventDate "2008.08.22"]

1. c4 Nf6 2. Nf3 e6 3. g3 d5 4. Bg2 Be7 5. O-O O-O 6. b3 c5 7. cxd5 exd5 8. d4
Nc6 9. Bb2 Ne4 10. Nbd2 Bf6 11. e3 Bg4 12. h3 Nxd2 1/2-1/2

[Event "XXVIII Festival Conca della Presolana A"]
[Site "Bratto - Castione della Presolana ITA"]
[Date "2008.08.27"]
[Round "6"]
[White "Nardelli, Marco"]
[Black "Salami, Marco"]
[Result "0-1"]
[WhiteElo "2113"]
[BlackElo "2186"]
[PlyCount "70"]
[EventDate "2008.08.22"]

1. e4 e6 2. d4 d5 3. Nc3 Bb4 4. e5 c5 5. a3 Bxc3+ 6. bxc3 Ne7 7. Qg4 Qc7 8.
Qxg7 Rg8 9. Qxh7 cxd4 10. Ne2 Nbc6 11. f4 Bd7 12. Qd3 dxc3 13. Rg1 Nf5 14. Rb1
O-O-O 15. g4 Nh4 16. Nxc3 a6 17. Rg3 Na5 18. Be2 Nc4 19. Qh7 Rh8 20. Qxf7 Qc5
21. Bxc4 Qxc4 22. Ne2 d4 23. Rb4 Qd5 24. h3 Qh1+ 25. Ng1 Qe4+ 26. Ne2 Nf3+ 27.
Kf2 Ng5 28. Qe7 Nxh3+ 29. Ke1 Qh1+ 30. Kd2 Nf2 31. Rg1 Ne4+ 32. Ke1 Qh2 33.
Rc4+ Kb8 34. Rxd4 Qf2+ 35. Kd1 Nc3+ 0-1

[Event "XXVIII Festival Conca della Presolana A"]
[Site "Bratto - Castione della Presolana ITA"]
[Date "2008.08.27"]
[Round "6"]
[White "Pascucci, Marco"]
[Black "Cordara, Michele"]
[Result "0-1"]
[WhiteElo "2009"]
[BlackElo "2146"]
[PlyCount "56"]
[EventDate "2008.08.22"]

1. d4 Nf6 2. Nc3 c5 3. d5 e5 4. e4 d6 5. Nf3 Be7 6. Be2 O-O 7. O-O Ne8 8. Nd2
Bg5 9. Bg4 a6 10. a4 Nd7 11. Nc4 Bxc1 12. Qxc1 Nb6 13. Bxc8 Rxc8 14. Ne3 Qg5
15. Ra3 c4 16. a5 Nd7 17. Ra4 Qd8 18. Nxc4 Nc5 19. Rb4 f5 20. Nb6 Rc7 21. f3
Rcf7 22. Qd2 Qh4 23. Nca4 fxe4 24. Nxc5 dxc5 25. Rxe4 Qxe4 26. Nd7 Qd4+ 27.
Qxd4 exd4 28. Nxf8 Kxf8 0-1

[Event "XXVIII Festival Conca della Presolana A"]
[Site "Bratto - Castione della Presolana ITA"]
[Date "2008.08.27"]
[Round "6"]
[White "Pegoraro, Nicola"]
[Black "Bellavita, Guido"]
[Result "0-1"]
[WhiteElo "2021"]
[BlackElo "2101"]
[PlyCount "94"]
[EventDate "2008.08.22"]

1. e4 Nf6 2. e5 Nd5 3. d4 d6 4. Nf3 g6 5. Be2 Bg7 6. O-O O-O 7. c4 Nb6 8. exd6
cxd6 9. Nc3 Nc6 10. Be3 Bg4 11. h3 Bxf3 12. gxf3 Qd7 13. Kg2 Qf5 14. Qd2 d5 15.
b3 Rfd8 16. c5 Nd7 17. Bd3 Qh5 18. Ne2 h6 19. f4 e6 20. b4 Nf6 21. b5 Ne7 22.
Ng3 Qh4 23. f3 Nh5 24. Nxh5 Qxh5 25. Rac1 Nf5 26. Bxf5 Qxf5 27. Rc3 Kh7 28. Rd1
Rg8 29. Qd3 Qh5 30. c6 bxc6 31. Rxc6 Bf6 32. Rc7 Kg7 33. Rdc1 Bd8 34. R7c6 Kf6
35. Bf2 Qf5 36. Qe3 g5 37. Qe5+ Kg6 38. Be3 gxf4 39. Bxf4 Kh7+ 40. Kh2 Qg6 41.
Qe2 Bg5 42. Bxg5 Qxg5 43. Qc2+ Rg6 44. Qf2 Qf4+ 45. Kh1 Rag8 46. R6c3 Rg3 47.
Qh2 Qf5 0-1

[Event "XXVIII Festival Conca della Presolana A"]
[Site "Bratto - Castione della Presolana ITA"]
[Date "2008.08.27"]
[Round "6"]
[White "Pesce, Gabriele"]
[Black "Brun, Dario"]
[Result "1/2-1/2"]
[WhiteElo "2102"]
[BlackElo "2245"]
[PlyCount "116"]
[EventDate "2008.08.22"]

1. e4 e5 2. Bc4 Nf6 3. d3 Nc6 4. Nf3 Bc5 5. O-O O-O 6. c3 a6 7. Be3 Bxe3 8.
fxe3 d5 9. exd5 Nxd5 10. Qe2 Bg4 11. a4 Nf6 12. e4 Nh5 13. Qe3 Bxf3 14. Rxf3
Qe7 15. Nd2 Nf4 16. g3 Nh3+ 17. Kg2 Ng5 18. Rf5 Ne6 19. b4 g6 20. Rf2 Kg7 21.
Raf1 f6 22. a5 Na7 23. Nf3 Nb5 24. d4 exd4 25. cxd4 Rae8 26. h4 Qxb4 27. Bxe6
Rxe6 28. e5 f5 29. Ng5 Ree8 30. d5 Qc4 31. Ne6+ Rxe6 32. dxe6 Qxe6 33. h5 Re8
34. Rd1 Nd6 35. hxg6 hxg6 36. Rc2 Re7 37. Qc5 Ne4 38. Qd5 Qxe5 39. Qxe5+ Rxe5
40. Rxc7+ Kf6 41. Rxb7 Rxa5 42. Rb3 Ra2+ 43. Kg1 Kg5 44. Rdb1 Kg4 45. R1b2 Rxb2
46. Rxb2 Nxg3 47. Rg2 f4 48. Kf2 g5 49. Rg1 Kf5 50. Ra1 g4 51. Ra5+ Kg6 52.
Rxa6+ Kg5 53. Ra5+ Kh4 54. Re5 f3 55. Re3 Nh1+ 56. Kg1 Ng3 57. Kf2 Nf5 58. Rxf3
gxf3 1/2-1/2

[Event "XXVIII Festival Conca della Presolana A"]
[Site "Bratto - Castione della Presolana ITA"]
[Date "2008.08.27"]
[Round "6"]
[White "Piasetski, Leon David"]
[Black "Leon Hoyos, Manuel"]
[Result "0-1"]
[WhiteElo "2314"]
[BlackElo "2543"]
[PlyCount "126"]
[EventDate "2008.08.22"]

1. d4 Nf6 2. Nf3 e6 3. c4 c5 4. e3 d5 5. Nc3 Nc6 6. cxd5 exd5 7. Be2 cxd4 8.
Nxd4 Bd6 9. O-O O-O 10. Nf3 Bg4 11. b3 a6 12. Bb2 Re8 13. g3 Bc5 14. Rc1 Ba7
15. Nd4 Bh3 16. Nxc6 bxc6 17. Re1 Qd7 18. Bf3 Qf5 19. Na4 d4 20. e4 Nxe4 21.
Qd3 Nxg3 22. Qxf5 Rxe1+ 23. Rxe1 Nxf5 24. Bxc6 Rd8 25. Bg2 Bg4 26. h3 Bh5 27.
Re5 d3 28. Bc3 g6 29. Rd5 Rxd5 30. Bxd5 Nd4 31. Kg2 Be2 32. Bd2 Nf5 33. Nb2
Nh4+ 34. Kg3 Nf5+ 35. Kg2 Bb8 36. f4 Ba7 37. Be4 Nh4+ 38. Kg3 Nf5+ 39. Kg2 Ne3+
40. Bxe3 Bxe3 41. Bxd3 Bxd3 42. Nxd3 f5 43. Kf3 Bb6 44. Nb4 a5 45. Nd5 Bc5 46.
Ke2 Kf7 47. Kd3 Ke6 48. Kc4 Bd6 49. Kd4 h6 50. Kc4 g5 51. fxg5 hxg5 52. Ne3 Ke5
53. Kd3 Kf4 54. Ke2 Bc5 55. Nf1 Bb6 56. a3 Bd4 57. Kd3 Bb2 58. a4 Ba3 59. Ke2
Bc5 60. Nd2 Bd4 61. b4 axb4 62. a5 Kg3 63. a6 Ba7 0-1

[Event "XXVIII Festival Conca della Presolana A"]
[Site "Bratto - Castione della Presolana ITA"]
[Date "2008.08.27"]
[Round "6"]
[White "Piscopo, Pierluigi"]
[Black "Bellia, Fabrizio"]
[Result "1/2-1/2"]
[WhiteElo "2389"]
[BlackElo "2403"]
[PlyCount "133"]
[EventDate "2008.08.22"]

1. e4 e5 2. Nf3 Nc6 3. d4 exd4 4. Nxd4 Bc5 5. Nb3 Bb6 6. Nc3 Nf6 7. a4 a6 8. g3
d6 9. h3 O-O 10. Bg2 h6 11. O-O Be6 12. Nd5 Bxd5 13. exd5 Ne7 14. c4 a5 15. Bd2
Ng6 16. Bc3 Re8 17. Re1 Nd7 18. Rxe8+ Qxe8 19. Nd4 Qe5 20. Rc1 Re8 21. Kh2 Bxd4
22. Bxd4 Qe7 23. Bf1 b6 24. Bd3 Nc5 25. Bxc5 bxc5 26. Kg2 Ne5 27. Bb1 Nd7 28.
Qc2 Nf6 29. Qc3 Qe5 30. Qxa5 Qxb2 31. Re1 Rxe1 32. Qxe1 Kf8 33. Bf5 Qa2 34. a5
Qxc4 35. Qb1 Qxd5+ 36. Kg1 Qa8 37. Qb5 c6 38. Qa4 Qa6 39. Qa3 Nd5 40. Bd3 Qa7
41. a6 Nb4 42. Bf1 d5 43. h4 Ke8 44. Qa5 Ke7 45. h5 Nc2 46. Bh3 Nd4 47. Bc8 Nb5
48. Bb7 Kd7 49. Qa1 Nd4 50. Qa3 Ne6 51. Qf3 Ke7 52. Qa3 Kd6 53. Qa4 Nd4 54. Qa5
c4 55. Qa3+ c5 56. Qa5 Ne6 57. Kf1 Nc7 58. Qd2 Qb6 59. Qf4+ Ke7 60. Qe5+ Kf8
61. Bxd5 Nxa6 62. Bxc4 Qc7 63. Qd5 Nb4 64. Qa8+ Ke7 65. Qe4+ Kf8 66. Qa8+ Ke7
67. Qe4+ 1/2-1/2

[Event "XXVIII Festival Conca della Presolana A"]
[Site "Bratto - Castione della Presolana ITA"]
[Date "2008.08.27"]
[Round "6"]
[White "Qendro, Llambi"]
[Black "Garano, Nicola"]
[Result "1/2-1/2"]
[WhiteElo "2375"]
[BlackElo "2265"]
[PlyCount "39"]
[EventDate "2008.08.22"]

1. d4 Nf6 2. c4 c5 3. d5 b5 4. Nf3 g6 5. cxb5 d6 6. Nc3 Bg7 7. e4 Nbd7 8. Be2
O-O 9. O-O Nb6 10. h3 Bb7 11. Bf4 Ne8 12. Qd2 e5 13. dxe6 fxe6 14. Bg5 Qc7 15.
a4 Bxc3 16. bxc3 Bxe4 17. Qe3 Bd5 18. Nd2 Ng7 19. a5 Nd7 20. g4 1/2-1/2

[Event "XXVIII Festival Conca della Presolana A"]
[Site "Bratto - Castione della Presolana ITA"]
[Date "2008.08.27"]
[Round "6"]
[White "Ranieri, Fabrizio"]
[Black "Moncelli, Giorgio"]
[Result "1-0"]
[WhiteElo "2245"]
[BlackElo "2105"]
[PlyCount "38"]
[EventDate "2008.08.22"]

1. e4 c6 2. d4 d5 3. exd5 cxd5 4. c4 Nf6 5. Nc3 e6 6. Bg5 Be7 7. c5 O-O 8. Nf3
b6 9. b4 a5 10. Na4 Nfd7 11. Bxe7 Qxe7 12. Bb5 Ba6 13. Qe2 Bxb5 14. Qxb5 Na6
15. O-O Rfb8 16. cxb6 Nxb4 17. a3 Na6 18. Rfc1 Rb7 19. Rc6 Ndb8 1-0

[Event "XXVIII Festival Conca della Presolana A"]
[Site "Bratto - Castione della Presolana ITA"]
[Date "2008.08.27"]
[Round "6"]
[White "Sax, Gyula"]
[Black "Mogranzini, Roberto"]
[Result "1/2-1/2"]
[WhiteElo "2506"]
[BlackElo "2423"]
[PlyCount "40"]
[EventDate "2008.08.22"]

1. e4 c5 2. Nf3 e6 3. d3 Nc6 4. g3 Nge7 5. Bg2 g6 6. O-O Bg7 7. c3 O-O 8. Be3
b6 9. Qc1 Ba6 10. c4 d5 11. exd5 exd5 12. Bh6 Bxh6 13. Qxh6 Nf5 14. Qc1 dxc4
15. dxc4 Ncd4 16. Nxd4 Nxd4 17. Kh1 Qc8 18. b3 Bb7 19. Nc3 Bxg2+ 20. Kxg2 Qf5
1/2-1/2